01183nam a2200193Ia 4500001001100000003001000011008004100021040002500062041001300087100003400100245008100134250001100215260008100226300001200307500026000319501011400579520026000693650003600953L200-52024IT-CnALBA170116s9999||||xx |||||||||||||| ||und|| aIT-CnALBAcIT-CnALBA aITALIANO aROSSINI GIOACCHINO, MUSICISTA 0aRAPPORTO TRA CULTURA E VANGELO. LECTIO DELLA PRIMA CORINTI SULLE "ORIGINI".  a1a ed. a PADOVAbMESSAGGERO EDIZIONI c1995 [1° Ed.:1995 - Ed.Ling.Originale: 1995] a126 p.  aPROBLEMI E PROPOSTE. TRE ITINERARI. IN PRINCIPIO ERA LA BIBBIA. MORMONI. AVVENTISTI DEL SETTIMO GIORNO. TESTIMONI DI GEOVA. CHIESA DI DIO UNIVERSALE. L'ORIENTE IN OCCIDENTE. FASCINO DEI MONDI LONTANI. ORIENTE ISLAMOCO. INDIA DI SEMPRE. INDIA IN OCCIDENTE. aSocietà San Paolo EM - Piazza San Paolo, 14 - 12051 ALBA (CN) (non commercial uses only) ® Copyright 2017 aPROBLEMI E PROPOSTE. TRE ITINERARI. IN PRINCIPIO ERA LA BIBBIA. MORMONI. AVVENTISTI DEL SETTIMO GIORNO. TESTIMONI DI GEOVA. CHIESA DI DIO UNIVERSALE. L'ORIENTE IN OCCIDENTE. FASCINO DEI MONDI LONTANI. ORIENTE ISLAMOCO. INDIA DI SEMPRE. INDIA IN OCCIDENTE. aRELIGIONE - RELIGIONE CRISTIANA